000 01059nam a2200301Ia 4500
001 Para_6036
003 CHAP
008 220125s1991 xx 000 0 und d
010 _a204791
040 _cCHAP
090 _aPA TESIS 617
100 _aCotero García, Héctor Manuel
_928561
245 _aDetección de las plagas del rosal (Rosa spp.) y efecto de tres acaricidas contra araña roja (Tetranychus urticae Koch) en Villa Guerrero, Estado de México /
_c por Héctor Manuel Cotero García
260 _aChapingo, Méx. :
_b el autor
300 _a94 h.
502 _aTesis (Ing. Agr. Esp. en Parasitología Agrícola) -- UACh Departamento Parasitología Agrícola
650 _aAcaricidas
_9404
650 _aRosas
_x plagas
_999982
650 _aTetranychus telarius
_9112501
710 _aUACh. Departamento Parasitología Agrícola
_9164025
901 _aPA TESIS 617
902 _aA
905 _a0000001991 0000000000 00
910 _a1991
942 _cPARA
942 _cPARA
_d1
999 _c204791
_d204791